000 00546nmm a2200217 a 4500
003 AR-BaBNM
005 20251128203409.0
008 067119s1941 ||||||||||||||000 | spa||
040 _cAR-BaBNM
100 1 _aSánchez Viamonte, Carlos
245 1 0 _aCuestiones institucionales
_b[labor parlamentaria]
260 _aBuenos Aires
_bEL autor
_c1941
300 0 _a209 p.
650 4 _aPOLITICA NACIONAL
650 4 _aLIBERTAD
650 4 _aPODER EJECUTIVO
650 4 _aPARLAMENTO
650 4 _aFEDERALISMO
942 _cBK
998 _cmariana
999 _c3197
_d3197